Arte y ciencia en la historia de México (Record no. 227)

MARC details
000 -CABECERA
campo de control de longitud fija 00906nam a2200241 a 4500
001 - NÚMERO DE CONTROL
campo de control BRCA_282
005 - FECHA Y HORA DE LA ÚLTIMA TRANSACCIÓN
campo de control 20190320202938.0
008 - DATOS DE LONGITUD FIJA--INFORMACIÓN GENERAL
campo de control de longitud fija 970226s1996 mx-a---##b---#001-0#spa-d
020 ## - NÚMERO INTERNACIONAL ESTÁNDAR DEL LIBRO
Número Internacional Estándar del Libro 9687009470
040 ## - FUENTE DE LA CATALOGACIÓN
Centro catalogador/agencia de origen DLC
Centro/agencia transcriptor DLC
050 #4 - SIGNATURA TOPOGRÁFICA DE LA BIBLIOTECA DEL CONGRESO
Número de clasificación Q127.M4
Número de documento/Ítem .T69 1996
100 1# - ENTRADA PRINCIPAL--NOMBRE DE PERSONA
Nombre de persona Trabulse, Elías
Fechas asociadas al nombre 1942-
9 (RLIN) 948
245 10 - MENCIÓN DE TÍTULO
Título Arte y ciencia en la historia de México
Mención de responsabilidad, etc. [Elías Trabulse].
260 ## - PUBLICACIÓN, DISTRIBUCIÓN, ETC.
Lugar de publicación, distribución, etc. México
Nombre del editor, distribuidor, etc. Fomento Cultural Banamex
Fecha de publicación, distribución, etc. 1996
300 ## - DESCRIPCIÓN FÍSICA
Extensión 269 p.
Otras características físicas il. a color, mapas
Dimensiones 33 cm.
500 ## - NOTA GENERAL
Nota general Incluye imagen de una pieza de la Colección Franz Mayer : Biombo de ´Las artes liberales´ de Juan Correa, p. 76
500 ## - NOTA GENERAL
Nota general Incluye índice onomástico
504 ## - NOTA DE BIBLIOGRAFÍA, ETC.
Nota de bibliografía, etc. Bibliografía : p. 259-264
650 14 - PUNTO DE ACCESO ADICIONAL DE MATERIA--TÉRMINO DE MATERIA
Término de materia o nombre geográfico como elemento de entrada Iconografía
Subdivisión general Historia
Subdivisión geográfica México
9 (RLIN) 949
650 14 - PUNTO DE ACCESO ADICIONAL DE MATERIA--TÉRMINO DE MATERIA
Término de materia o nombre geográfico como elemento de entrada Ciencia
Subdivisión de forma Trabajos Ilustrados
Subdivisión general Historia
Subdivisión geográfica México
9 (RLIN) 950
650 14 - PUNTO DE ACCESO ADICIONAL DE MATERIA--TÉRMINO DE MATERIA
Término de materia o nombre geográfico como elemento de entrada Tecnología
Subdivisión de forma Trabajos Ilustrados
Subdivisión general Historia
Subdivisión geográfica México
9 (RLIN) 951
942 ## - ELEMENTOS DE PUNTO DE ACCESO ADICIONAL (KOHA)
Fuente del sistema de clasificación o colocación Library of Congress Classification
Tipo de ítem Koha Libros
Holdings
Estado de retiro Estado de pérdida Estado dañado No para préstamo Localización permanente Ubicación/localización actual Fecha de adquisición Total de préstamos Signatura topográfica completa Código de barras Fecha visto por última vez Precio válido a partir de Tipo de ítem Koha
El ejemplar forma parte de la colección y puede ser consultado según las políticas vigentes.       Biblioteca del Museo Franz Mayer (Rogerio Casas-Alatriste) Biblioteca del Museo Franz Mayer (Rogerio Casas-Alatriste) 25/06/2008   Q127.M4 .T69 1996 00341 22/03/2019 22/03/2019 Libros